Ropa trápi aj najsilnejšie krajiny
Situácia na trhu s ropou na rokovacom poriadku skupiny G7. Výzva k výrobcom ropy na zachovanie adekvátnej ponuky a dosiahnutie poklesu cien ropy. Rast cien ropy zapríčinený nedostatkom zásob v spracovateľských krajinách. Rast spotreby ropy v Číne. Pevný kurz čínskej meny juanu a zvýhodnenie čínskych...
Enregistré dans:
| Auteur principal: | |
|---|---|
| Format: | Chapitre de livre |
| Langue: | slovaque |
| Sujets: | |
| Tags: |
Pas de tags, Soyez le premier à ajouter un tag!
|
MARC
| LEADER | 00000naa$a2200000$$$4500 | ||
|---|---|---|---|
| 001 | 0022131 | ||
| 005 | 20230926070713.0 | ||
| 041 | 0 | |a slo | |
| 044 | |a SK | ||
| 245 | 1 | 0 | |a Ropa trápi aj najsilnejšie krajiny |c Vladimír Bačišin |
| 520 | |a Situácia na trhu s ropou na rokovacom poriadku skupiny G7. Výzva k výrobcom ropy na zachovanie adekvátnej ponuky a dosiahnutie poklesu cien ropy. Rast cien ropy zapríčinený nedostatkom zásob v spracovateľských krajinách. Rast spotreby ropy v Číne. Pevný kurz čínskej meny juanu a zvýhodnenie čínskych exportérov ropy. Rokovania amerických a čínskych predstaviteľov o zavedení plávajúceho kurzu juanu. | ||
| 610 | 2 | 0 | |a hospodárstvo svetové |
| 610 | 2 | 0 | |a trh svetový |
| 610 | 2 | 0 | |a politika medzinárodná |
| 610 | 2 | 0 | |a ropa |
| 610 | 2 | 0 | |a ceny svetové |
| 610 | 2 | 0 | |a produkcia |
| 610 | 2 | 0 | |a spotreba |
| 610 | 2 | 0 | |a vývoz |
| 610 | 2 | 0 | |a kurz výmenný pevný |
| 610 | 2 | 0 | |a kurz výmenný pohyblivý |
| 610 | 2 | 0 | |a USA |
| 610 | 2 | 0 | |a Čína |
| 100 | 1 | |a Bačišin, Vladimír | |